Score 0/11 Timer 01:30
12 Plays Today
State % Correct
Ohio
96.2%
Michigan
96%
Indiana
92.1%
Illinois
91.8%
Wisconsin
88.8%
Pennsylvania
88%
Iowa
87.5%
Minnesota
87%
Nebraska
79.8%
New Jersey
76.9%
Maryland
76.8%

You're not logged in!

Compare scores with friends on all Sporcle quizzes.
OR
Log In

Sporcle TV

Today on Sporcle TV


Watch our educational content, quiz creation guides, and fun videos on Sporcle TV.

Show Comments

Extras

Top Quizzes Today


Score Distribution

Paid Content

Your Account Isn't Verified!

In order to create a playlist on Sporcle, you need to verify the email address you used during registration. Go to your Sporcle Settings to finish the process.

Report this User

Report this user for behavior that violates our Community Guidelines.

Details: